Sports Quiz

Random Sports Quiz

Alvaro Morata quiz Stats

Quiz not verified by Sporcle

Challenge
Share
Tweet
Embed
Score 0/10 Timer 05:00
0 Plays Today
Question Answer Wrong Answers
Which Real Madrid manager gave Morata his first team debut? Jose Mourinho
72.9%
Manuel Pellegrini
13.6%
Juande Ramos
3.4%
Fabio Capello
8.5%
During his time at Real Madrid, how many Champions League trophies did he win? 2
67.8%
3
15.3%
1
16.9%
Morata won Euro 2012 with the senior Spanish national side. False
66.1%
True
33.9%
Morata won a La Liga and Champions League double last term, scoring 20 in all competitions. But how many minutes per goal did he average in the league during his successful campaign? 89
54.2%
101
25.4%
95
6.8%
112
10.2%
When was Morata given his senior Spain debut? 2014
42.4%
2013
18.6%
2015
25.4%
2011
10.2%
During his two season spell in Italy with Juventus, Morata scored how many domestic goals in 63 games? 15
42.4%
25
28.8%
30
15.3%
40
11.9%
During a triumphant 2011 Under-19s European Championship in Romania, Morata finished top scorer. How many did he net? 6
40.7%
9
20.3%
4
10.2%
5
23.7%
Morata hasn't been defeated in a league game that he has played in since the 28th of October 2015. How many games is that? 52
40.7%
40
25.4%
60
23.7%
64
5.1%
Which of these Madrid club academies did Alvaro Morata NOT play for as a youth? Rayo Vallecano
35.6%
Getafe
28.8%
Real Madrid
5.1%
Atletico Madrid
30.5%
In March of 2015, Morata scored his first senior international goal, netting the winner against which nation? Ukraine
33.9%
Russia
15.3%
Serbia
25.4%
Poland
18.6%

You're not logged in!

Compare scores with friends on all Sporcle quizzes.
Sign Up with Email
OR
Log In

You Might Also Like...

Show Comments

Extras

Top Quizzes Today


Score Distribution

Your Account Isn't Verified!

In order to create a playlist on Sporcle, you need to verify the email address you used during registration. Go to your Sporcle Settings to finish the process.

Report this User

Report this user for behavior that violates our Community Guidelines.

Details: